00369nam a22001457a 4500020001800000082001500018100002200033245005600055250001000111260003200121300001000153650002000163650002500183650001500208 a9789362542557 aM3 bAKH/M aAkhil P Dharmajan aMercury island:blokavasanam/cby Akhil P Dharmajan a13th. aKottayam:bDC Books,c2026. a430p. aNovel Malayalam aLiterature Malayalam aLiterature